000 00699cab a22001935a 4500
001 L151320
008 101021e20101015xxkd f s 000 0 eng d
035 _a(Sirsi) u151320
041 0 _aeng
110 2 _aExperian Business Strategies
_94789
245 0 0 _aBuilding intelligence
260 _c2010
490 0 _aBuilding
_v275 (8650) 15 October 2010, 58-59(2)
520 _aOverview, new work output, R and M output, new work orders, 2010-2012 forecast, regional new work output, regional R and M output, regional new work orders from Experian Marketing Information Services
590 _aKA
651 4 _aGreat Britain
_y1707-
690 _aBUILT ENVIRONMENT-CONSTRUCTION MARKET
942 _n0
999 _c82769
_d82769